Normal view
MARC view
Entry Meeting Name
001 - CONTROL NUMBER
- control field: 18181
003 - CONTROL NUMBER IDENTIFIER
- control field: OSt
005 - DATE AND TIME OF LATEST TRANSACTION
- control field: 20211105134246.0
008 - FIXED-LENGTH DATA ELEMENTS
- fixed length control field: 211105|| aca||aabn | a|a d
040 ## - CATALOGING SOURCE
- Original cataloging agency: OSt
- Transcribing agency: OSt
111 ## - HEADING--MEETING NAME
- Meeting name or jurisdiction name as entry element: International Astronomical Union Colloquium
- Location of meeting: Poland
- Date of meeting or treaty signing: 1990 June 17 - 23
670 ## - SOURCE DATA FOUND
- Source citation: Work cat.: (OSt): International Astronomical Union Colloquium Poland 1990 June 17 - 23, The magnetospheric structure and emission mechanisms of radio pulsars, 1992